Drag Race France Queens by Photo - Statistics

General Stats
  • This quiz has been taken 178 times
    110 since last reset
  • The average score is 28 of 31
Answer Stats
Picture Hint Answer % Correct
πŸ‡«πŸ‡· Season 2 πŸ‡«πŸ‡· Keiona
100%
πŸ‡«πŸ‡· Season 1 πŸ‡«πŸ‡· La Grande Dame
99%
πŸ‡«πŸ‡· Season 2 πŸ‡«πŸ‡· Mami Watta
96%
πŸ‡«πŸ‡· Season 1 πŸ‡«πŸ‡· Paloma
96%
πŸ‡«πŸ‡· Season 2 πŸ‡«πŸ‡· Piche
96%
πŸ‡«πŸ‡· Season 1 πŸ‡«πŸ‡· Kam Hugh
95%
πŸ‡«πŸ‡· Season 2 πŸ‡«πŸ‡· Moon
95%
πŸ‡«πŸ‡· Season 1 πŸ‡«πŸ‡· Soa de Muse
95%
πŸ‡«πŸ‡· Season 2 πŸ‡«πŸ‡· Punani
94%
πŸ‡«πŸ‡· Season 2 πŸ‡«πŸ‡· Cookie Kunty
93%
πŸ‡«πŸ‡· Season 1 πŸ‡«πŸ‡· La Big Bertha
93%
πŸ‡«πŸ‡· Season 3 πŸ‡«πŸ‡· Le Filip
93%
πŸ‡«πŸ‡· Season 1 πŸ‡«πŸ‡· Lolita Banana
93%
πŸ‡«πŸ‡· Season 1 πŸ‡«πŸ‡· La Kahena
92%
πŸ‡«πŸ‡· Season 2 πŸ‡«πŸ‡· Rose
92%
πŸ‡«πŸ‡· Season 1 πŸ‡«πŸ‡· Elips
91%
πŸ‡«πŸ‡· Season 1 πŸ‡«πŸ‡· La Briochée
91%
πŸ‡«πŸ‡· Season 2 πŸ‡«πŸ‡· Sara Forever
91%
πŸ‡«πŸ‡· Season 2 πŸ‡«πŸ‡· Vespi
91%
πŸ‡«πŸ‡· Season 2 πŸ‡«πŸ‡· Kitty Space
88%
πŸ‡«πŸ‡· Season 3 πŸ‡«πŸ‡· Leona Winter
88%
πŸ‡«πŸ‡· Season 2 πŸ‡«πŸ‡· Ginger Bitch
87%
πŸ‡«πŸ‡· Season 3 πŸ‡«πŸ‡· Magnetica
87%
πŸ‡«πŸ‡· Season 1 πŸ‡«πŸ‡· Lova Ladiva
85%
πŸ‡«πŸ‡· Season 3 πŸ‡«πŸ‡· Ruby On The Nail
85%
πŸ‡«πŸ‡· Season 3 πŸ‡«πŸ‡· Perseo
84%
πŸ‡«πŸ‡· Season 3 πŸ‡«πŸ‡· Lula Strega
81%
πŸ‡«πŸ‡· Season 3 πŸ‡«πŸ‡· Misty Phoenix
81%
πŸ‡«πŸ‡· Season 3 πŸ‡«πŸ‡· Afrodite Amour
78%
πŸ‡«πŸ‡· Season 3 πŸ‡«πŸ‡· Norma Bell
78%
πŸ‡«πŸ‡· Season 3 πŸ‡«πŸ‡· Edeha Noire
74%
No matching quizzes found
Score Distribution
Percent of People with Each Score
Percentile by Number Answered
Your Score History
You have not taken this quiz since the last reset